00442 2200169 4500001002100000008004100021035002000062245004900082100002100131260002900152300002500181020002200206084001400228082000800242650001000250990001200260INLIS000000000001444 Ind  a0010-0924000041 aSahabat Dilarang Jatuh CintacFataya Azzahra aAzzahra, Fatayah aJakartabPT Falconc2018 a289 hlm.c14 x 20 cm a978-602-6714-05-3 a813 FAT s a813 aFiksi a0750948